00748nam a22002177a 450000500170000001000150001702000260003203500140005803700130007208200140008510000240009924500920012325000060021526000390022127000520026030000210031270000270033394200250036099900190038595201260040420240301151550.0 aENG-139168 c179.00a9789356183131 aEN-122700 bDBAD/PUB a00021b1 aKaur Jagjeet962699 aTogether with CUET UG-2022 Solved Question Bank Legal StudiescBy Jagjeet KaurhEnglish a1 aNew Delhi-bRachna Sagar PVT. LTD. bNew Delhia4583/15 Daryaganj, New Delhie110002 a164p.c27cm(pbk) aby Jagjeet Kaur961679 2ddccENh000e1kKAU c200661d200661 001040708NFICaPRbPRd2024-02-12eDBAD/PUBg179.00l0o000pEN-122700r2024-02-12 00:00:00t1v179.00w2024-02-12yEN